| 000 | 01095 a2200241 4500 | ||
|---|---|---|---|
| 005 | 20080910160621.0 | ||
| 008 | 080910t xxu||||| |||| 00| 0 hin d | ||
| 010 | _aHIN-79535 | ||
| 020 |
_a8181661516 _c50.00 |
||
| 035 | _aHN-51881 | ||
| 037 | _bD.B.Act / pub | ||
| 082 | _a821 | ||
| 100 | _aबॅनर्जी, सुदीप | ||
| 245 |
_aप्रतिनिधि कविताएँ _cसुदीप बॅनर्जी |
||
| 246 |
_aPratinidhi Kavitayen _bSudeep Banarji |
||
| 260 |
_aदिल्ली _bमेधा बुक्स _c2006 |
||
| 270 |
_aएक्स-11,नवीन शाहदरा _bदिल्ली _e110032 _k22323672 _mmedhabooks@rediffmail.com |
||
| 300 |
_a120पृ _c22 सेमी (अजिल्द) |
||
| 650 | _aहिन्दी कविताएँ | ||
| 650 | _aHindi poems | ||
| 942 |
_adpl _cHN _k821 / बॅनर्जी _2ddc _h821 _mबॅनर्जी |
||
| 999 |
_c2931 _d2931 |
||